000 00964cam a2200253 a 4500
001 000009435
005 20200929161607.0
008 780919s1972 sp cf 001 0 spa
020 _a840004374X
035 _a(DLC) 75538762
040 _aDO-SdBNP
_bspa
_cDLC
_dBNPHU
082 _a863.62
_bB299c, 1972
100 1 _aBaselga Ramírez, Mariano,
_d1865-1938.
_924231
245 1 0 _aCuentos aragoneses /
_cMariano Baselga Ramírez ; prólogo del Doctor Juan Moneva Puyol.
250 _a4a ed.
260 _aZaragoza, (España) :
_bInstitución Fernando el Católico de la Excma :
_bDiputación Provincial de Zaragoza,
_c[1972].
300 _a365 p. :
_bport. ;
_c21 cm.
490 1 _aPublicación de la Institución Fernando el Católico
_v1.150
650 4 _aCuentos españoles
_93194
650 4 _aLiteratura española
_9632
830 0 _aPublicación de la Institución Fernando el Católico ;
_v1.150
_914666
910 _aCatalogación derivada
049 _aBNGR
999 _c9195
_d9195